000 00541nam a2200193 a 4500
001 1776331134850
003 YourLibrary
005 20260416145133.0
008 260416s2004##################000#0#eng##
020 _a9781843763581
082 0 4 _a361.61094
_bKNI
100 1 _aKnijn, Trudie,
_eauthor.
245 1 0 _aSolidarity Between the Sexes and the Generations :
260 _bEdward Elgar Publishing,
_c2004.
300 _a264 pages
650 0 _aFamily & Relationships.
942 _cENGLISH
040 _aYourLibrary
_beng
_cYourLibrary
999 _c619492
_d619492